书目信息 |
| 题名: |
Authorware多媒体技术应用实例教程
|
|
| 作者: | 李冬芸 | |
| 分册: | ||
| 出版信息: | 北京 电子工业出版社 2015.11 |
|
| 页数: | 253页 | |
| 开本: | 20cm | |
| 丛书名: | ||
| 单 册: | ||
| 中图分类: | TP311.56 | |
| 科图分类: | ||
| 主题词: | 软件 | |
| 电子资源: | ||
| ISBN: | 7-121-26958-9 | |
| 000 | 00651nam0 2200205 450 | |
| 001 | 2351 | |
| 005 | 20161205104117.14 | |
| 010 | @a7-121-26958-9@dCNY39.00 | |
| 100 | @a20150808d2015 km y0chiy0120 ea | |
| 101 | 0 | @achi |
| 102 | @aCN@b110000 | |
| 200 | 1 | @aAuthorware多媒体技术应用实例教程@AAuthorware duo mei ti ji shu ying yong shi li jiao cheng@f李冬芸@Fli dong yun |
| 210 | @a北京@c电子工业出版社@d2015.11 | |
| 215 | @a253页@d20cm | |
| 330 | @a多媒体·软件工具·高等职业教育·教材 | |
| 606 | 0 | @a软件 |
| 690 | @aTP311.56@v4 | |
| 701 | 0 | @a李冬芸@Ali dong yun |
| 801 | 0 | @aCN@b大连网信软件有限公司图书馆·11@c20161205 |
| 905 | @aZUCC@dTP311.56@e1023 | |
| Authorware多媒体技术应用实例教程/李冬芸.-北京:电子工业出版社,2015.11 |
| 253页;20cm |
| ISBN 7-121-26958-9:CNY39.00 |
| 多媒体·软件工具·高等职业教育·教材 |
| ● |
| 相关链接 |
|
|
|
|
正题名:Authorware多媒体技术应用实例教程
索取号:TP311.56/1023
 
预约/预借
| 序号 | 登录号 | 条形码 | 馆藏地/架位号 | 状态 | 备注 |
| 1 | 907732 | 209077327 | 第二样本阅览室/ [索取号:TP311.56/1023] | 在馆 | |
| 2 | 907733 | 209077336 | 第三借阅区/ [索取号:TP311.56/1023] | 在馆 | |
| 3 | 907734 | 209077345 | 第三借阅区/ [索取号:TP311.56/1023] | 在馆 | |
| 4 | 907735 | 209077354 | 第三借阅区/ [索取号:TP311.56/1023] | 在馆 | |
| 5 | 907736 | 209077363 | 密集书库—计算机科学学院/ [索取号:TP311.56/1023] | 在馆 |